Rules of conduct for members (Record no. 107230)
[ view plain ]
| 000 -LEADER | |
|---|---|
| fixed length control field | 01036cam a22002295a 4500 |
| 001 - CONTROL NUMBER | |
| control field | L138690 |
| 008 - FIXED-LENGTH DATA ELEMENTS--GENERAL INFORMATION | |
| fixed length control field | 070703s2007 xxk f 000 0 eng d |
| 035 ## - SYSTEM CONTROL NUMBER | |
| System control number | (Sirsi) u138690 |
| 041 0# - LANGUAGE CODE | |
| Language code of text/sound track or separate title | eng |
| 050 04 - LIBRARY OF CONGRESS CALL NUMBER | |
| Classification number | 333.0062 $2 18 |
| 110 2# - MAIN ENTRY--CORPORATE NAME | |
| Corporate name or jurisdiction name as entry element | Royal Institution of Chartered Surveyors |
| 9 (RLIN) | 4900 |
| 245 00 - TITLE STATEMENT | |
| Title | Rules of conduct for members |
| 260 ## - PUBLICATION, DISTRIBUTION, ETC. | |
| Place of publication, distribution, etc. | London |
| Name of publisher, distributor, etc. | RICS |
| Date of publication, distribution, etc. | 2007 |
| 300 ## - PHYSICAL DESCRIPTION | |
| Extent | 8p. |
| Dimensions | 21cm. |
| 490 #0 - SERIES STATEMENT | |
| Series statement | RICS Rules of Conduct |
| 520 ## - SUMMARY, ETC. | |
| Summary, etc. | Sets out the rules of member conduct as defined by the Regulatory Board under Article 18 of the Supplementary Charter 1973 and Section V of RICS Bye-Laws. These rules apply broadly to all professional member conduct. They cover interpretation; service of documents; integrity; competence; service; lifelong learning; solvency; and the conveyance of information to and cooperation with RICS. |
| 650 24 - SUBJECT ADDED ENTRY--TOPICAL TERM | |
| Topical term or geographic name entry element | RICS RULES OF CONDUCT |
| 651 #4 - SUBJECT ADDED ENTRY--GEOGRAPHIC NAME | |
| Geographic name | International |
| 690 ## - LOCAL SUBJECT ADDED ENTRY--TOPICAL TERM (OCLC, RLIN) | |
| Topical term or geographic name as entry element | ABOUT RICS-RICS PROFESSIONAL REGULATION AND CONSUMER PROTECTION-RICS RULES OF CONDUCT |
| 942 ## - ADDED ENTRY ELEMENTS (KOHA) | |
| Suppress in OPAC | 0 |
| Withdrawn status | Lost status | Source of classification or shelving scheme | Damaged status | Not for loan | Home library | Current library | Shelving location | Date acquired | Total Checkouts | Full call number | Barcode | Date last seen | Copy number | Price effective from | Koha item type | Date last checked out |
|---|---|---|---|---|---|---|---|---|---|---|---|---|---|---|---|---|
| Dewey Decimal Classification | London | London | RICS Boxes | 31/08/2007 | RICS 2007/25 | 30073994 | 06/08/2019 | 1 | 06/08/2019 | Archive | ||||||
| Dewey Decimal Classification | London | London | Books | 31/08/2007 | RICS 2007/25 | 30073995 | 06/08/2019 | 2 | 06/08/2019 | Reference material | ||||||
| Dewey Decimal Classification | London | London | Books | 31/08/2007 | 1 | RICS 2007/25 | 30073997 | 06/08/2019 | 4 | 06/08/2019 | Book | 29/05/2008 |